| Tag |
First Indicator |
Second Indicator |
Subfields |
| LEADER |
00000cam a22000008a 4500 |
| 001 |
in00001164708 |
| 005 |
20151001071637.0 |
| 008 |
930805s1994 enk b 001 0 eng |
| 010 |
|
|
|a 93027476
|
| 020 |
|
|
|a 0521455073 (hardback)
|
| 020 |
|
|
|a 052146627X (pbk.)
|
| 035 |
|
|
|a (OCoLC)28708484
|
| 035 |
|
|
|9 AGE3389AM
|
| 040 |
|
|
|a DLC
|c DLC
|d UtOrBLW
|
| 043 |
|
|
|a e-uk-en
|
| 049 |
|
|
|a TXAM
|
| 050 |
0 |
0 |
|a PR658.S42
|b L48 1994
|
| 082 |
0 |
0 |
|a 822/.309353
|2 20
|
| 100 |
1 |
|
|a Levine, Laura,
|d 1958-
|
| 245 |
1 |
0 |
|a Men in women's clothing :
|b anti-theatricality, 1579-1642 /
|c Laura Levine.
|
| 264 |
|
1 |
|a Cambridge ;
|a New York :
|b Cambridge University Press,
|c 1994.
|
| 300 |
|
|
|a 185 pages
|
| 336 |
|
|
|a text
|b txt
|2 rdacontent
|
| 337 |
|
|
|a unmediated
|b n
|2 rdamedia
|
| 338 |
|
|
|a volume
|b nc
|2 rdacarrier
|
| 490 |
1 |
|
|a Cambridge studies in Renaissance literature and culture ;
|v 5
|
| 504 |
|
|
|a Includes bibliographical references and index.
|
| 650 |
|
0 |
|a English drama
|y Early modern and Elizabethan, 1500-1600
|x History and criticism.
|
| 650 |
|
0 |
|a Sex role in literature.
|
| 650 |
|
0 |
|a Female impersonators
|z England
|x History
|y 16th century.
|
| 650 |
|
0 |
|a Female impersonators
|z England
|x History
|y 17th century.
|
| 650 |
|
0 |
|a English drama
|y 17th century
|x History and criticism.
|
| 650 |
|
0 |
|a Literature and society
|z England
|x History.
|
| 650 |
|
0 |
|a Masculinity in literature.
|
| 650 |
|
0 |
|a Theater and society
|z England
|x History.
|
| 650 |
|
0 |
|a Clothing and dress in literature.
|
| 650 |
|
0 |
|a Women in literature.
|
| 830 |
|
0 |
|a Cambridge studies in Renaissance literature and culture ;
|v 5.
|
| 999 |
|
|
|a MARS
|
| 999 |
f |
f |
|s 4782ee56-243f-3a80-912f-f0f229b4fef7
|i 4fc16685-e841-3ab9-ab93-f2d4d5381bc7
|t 0
|
| 952 |
f |
f |
|p normal
|a Texas A&M University
|b College Station
|c Sterling C. Evans Library
|d Evans: Library Stacks
|t 0
|e PR658.S42 L48 1994
|h Library of Congress classification
|i unmediated -- volume
|m A14818983895
|
| 998 |
f |
f |
|a PR658.S42 L48 1994
|t 0
|l Evans: Library Stacks
|